书目信息 |
| 题名: |
低频电压放大器
|
|
| 作者: | 克利节 , Кризе 著 ;徐秉铮 译 | |
| 分册: | ||
| 出版信息: | 北京 人民邮电出版社 1956 |
|
| 页数: | 366页 | |
| 开本: | 20cm | |
| 丛书名: | ||
| 单 册: | ||
| 中图分类: | TN722.1 | |
| 科图分类: | ||
| 主题词: | 低频放大器 | |
| 电子资源: | ||
| ISBN: | 15010.233 | |
| 000 | 00786cam0 2200265 450 | |
| 001 | 0105408006 | |
| 005 | 20061012134517.0 | |
| 010 | @a15010.233@dCNY1.40 | |
| 091 | @a15010.233@dCNY1.40 | |
| 100 | @a19970616d1956 em y0chiy0110 ea | |
| 101 | 1 | @achi@crus |
| 102 | @aCN@b110000 | |
| 105 | @ay z 000yy | |
| 106 | @ar | |
| 200 | 1 | @a低频电压放大器@9Di Pin Dian Ya Fang Da;Dai Qi @f(苏)克里捷(С.Н.Кризе)著@g徐秉铮等译@b专著 |
| 210 | @a北京@c人民邮电出版社@d1956 | |
| 215 | @a366页@d20cm | |
| 304 | @a著者通译:克利节 | |
| 606 | 0 | @a低频放大器 |
| 690 | @aTN722.1@v3 | |
| 701 | 1 | @a克利节@9ke li jie@bС.Н.@4著 |
| 701 | 1 | @aКризе@bС.Н.@4著 |
| 702 | 0 | @a徐秉铮@f(1925.12~)@9xu bing zheng@4译 |
| 801 | 0 | @aCN@bAiZhiMarc |
| 905 | @aBZT@dTN722.1@e1@f1@sTN722.1/1 | |
| 低频电压放大器/(苏)克里捷(С.Н.Кризе)著/徐秉铮等译.-北京:人民邮电出版社,1956 |
| 366页;20cm |
| ISBN 15010.233:CNY1.40 |
| ● |
| 相关链接 |
|
|
|
正题名:低频电压放大器
索取号:TN722.1/1
 
预约/预借
| 序号 | 登录号 | 条形码 | 馆藏地/架位号 | 状态 | 备注 |
| 1 | 2000049760 | 2000049760 | 旧书回溯/ [索取号:TN722.1/1] | 在馆 |